| 000 | 04726nam a22004337a 4500 | ||
|---|---|---|---|
| 005 | 20111103160851.0 | ||
| 010 | _aB-450107-122 | ||
| 020 |
_c695.00 _a8189859080 |
||
| 035 | _aB-450107-122 | ||
| 037 | _bबल्यूबेरी | ||
| 082 | _a उ | ||
| 100 |
_aभैरप्पा, एस.एल. _941138 |
||
| 245 |
_aतंतु / _cएस.एल.भैरप्पा;बी.आर.नारायण द्वारा अनुदित |
||
| 246 |
_a _bby Bhyrappa |
||
| 260 |
_aनई दिल्ली _bकिताबघर प्रकाशन _c2011 |
||
| 270 |
_bनई दिल्ली _a4855-56/24, अंसारी रोड़, दरियागंज _e110002 |
||
| 300 |
_a784पृ. _c22सेमी (सजिल्द) |
||
| 650 |
_a _941139 |
||
| 700 |
_924599 _aनारायण, बी.आर. |
||
| 700 | _924924 | ||
| 942 |
_2ddc _cHN _mभैरप्पा _h उ |
||
| 999 |
_c58078 _d58078 |
||